| 000 | 00962nam a22002537a 4500 | ||
|---|---|---|---|
| 001 | 4423 | ||
| 003 | FISKH | ||
| 005 | 20240904131042.0 | ||
| 008 | 240904b cb ||||| |||| 00| 0 eng d | ||
| 020 | _a9780545104340 | ||
| 040 |
_aFISKH _beng _cFISKH _dFISKH |
||
| 050 | _aPZ7.P2137 | ||
| 082 | _2813.6 | ||
| 100 | _aMurtagh Paratore, Coleen | ||
| 245 |
_aWilla by heart / _cColeen Murtagh Paratore |
||
| 250 | _aFirst printing 2009 | ||
| 260 |
_aNew York : _bScholastic, _c2009. |
||
| 300 |
_a228 pages : _c20cm |
||
| 520 | _aAs her freshman year nears an end, fourteen-year-old Willa finds herself helping plan two weddings, auditioning for "Our Town," organizing a book drive, fighting jealousy over her boyfriend's beautiful new friend, and preparing to become a big sister. | ||
| 650 |
_2Fiction _aThe Wedding Planner's Daughter _xJealousy _zFourteen-year-old girls |
||
| 650 |
_2First boyfriends _vTeenage boy/girl |
||
| 942 |
_2ddc _cBK _n0 |
||
| 999 |
_c4423 _d4423 |
||